000
00221 a2200097 4500
001
11177
100
_a
O, Malley, L, S. S.
245
_a
Modern Indis and the West
260
_a
_b
Oxford University
_c
090
_c
8731
_d
8731
942
_a
NUST-CAE
_c
_c
35524
999
_c
246250
_d
246250